Pasapalabra #1 - Estadísticas

Estadísticas generales
  • Esta prueba ha sido intentada 398 veces
  • La puntuación promedio es 24 de 27
Estadísticas de respuestas
Letra Respuesta Definición % Correcto
B Bicicleta Vehículo de dos ruedas, normalmente de igual tamaño, cuyos pedales transmiten el movimiento a la rueda trasera por medio de un plato, un piñón y una cadena
99%
D Dedo Cada uno de los cinco apéndices articulados en que terminan la mano y el pie del hombre y, en el mismo o menor número, de muchos animales
99%
E Espejo Tabla de cristal azogado por la parte posterior, y también de acero u otro material bruñido, para que se reflejen en él los objetos que tenga delante
97%
H Hambre Gana y necesidad de comer
97%
I Isla Porción de tierra rodeada de agua por todas partes
97%
F Fuego Fenómeno caracterizado por la emisión de calor y de luz, generalmente con llama
96%
O Ojo Órgano de la vista en el ser humano y en los animales
96%
M Montaña Gran elevación natural del terreno
95%
T Tren Medio de transporte que circula sobre raíles, compuesto por uno o más vagones arrastrados por una locomotora
95%
U Uva Baya o grano más o menos redondo y jugoso, fruto de la vid, que forma racimos
95%
P Plato Recipiente bajo y generalmente redondo, con una concavidad en medio y borde comúnmente plano alrededor, empleado para servir los alimentos y comer en él y para otros usos
93%
Q Quinto Que ocupa en una serie el lugar número cinco
93%
S Silla Asiento con respaldo, por lo general con cuatro patas, y en que solo cabe una persona
93%
V Viento Corriente de aire producida en la atmósfera por causas naturales, como diferencias de presión o temperatura
93%
A Árbol Planta de tallo leñoso y elevado, que se ramifica a cierta altura del suelo
92%
R Reloj Instrumento que sirve para medir el tiempo
92%
X Xilófono Instrumento musical de percusión formado por láminas generalmente de madera, ordenadas horizontalmente según su tamaño y sonido, que se hacen sonar golpeándolas con dos baquetas
92%
W Whisky Licor alcohólico que se obtiene del grano de algunas plantas, destilando un compuesto amiláceo en estado de fermentación
91%
C Coche Automóvil destinado al transporte de personas y con capacidad no superior a siete plazas
90%
Z Zapato Calzado que no pasa del tobillo, con la parte inferior de suela y lo demás de piel, fieltro, paño u otro tejido, más o menos escotado por el empeine
88%
J Jardín Terreno donde se cultivan plantas con fines ornamentales
85%
Y Yate Embarcación de gala o de recreo
82%
L Lámpara Utensilio o aparato que, colgado o sostenido sobre un pie, sirve de soporte a una o varias luces artificiales
81%
N Nube Agregado visible de minúsculas gotitas de agua, de cristales de hielo o de ambos, suspendido en la atmósfera y producido por la condensación de vapor de agua
76%
K Kiwi Ave apterigiforme, del tamaño de una gallina, que habita en Nueva Zelanda
71%
Ñ Ñandú Ave americana del orden de las reiformes, muy veloz, que habita las grandes llanuras, se alimenta de plantas e insectos y anida, como el avestruz, en depresiones del terreno
43%
G Gato Máquina que sirve para levantar grandes pesos a poca altura, y que funciona con un engranaje y un trinquete de seguridad, o con una tuerca y un husillo
41%
No se encontraron pruebas coincidentes
Distribución de puntuación
Porcentaje de gente con cada puntuación
Porcentaje por número respondido
Historial de tus puntuaciones
No has intentado esta prueba.